000 00247nam a2200097Ia 4500
005 20251222114347.0
008 251222s1900||||xx |||||||||||||| ||spa||
082 _aDVD0070/M19/2010/Ej.2
245 0 _aEl árbol de la vida:The tree of life
942 _cDVD
999 _c1097
_d1097